[Event "Lyon ECAM IM"]
[Site "Lyon"]
[Date "2024.04.26"]
[Round "7"]
[White "Prie, Eric"]
[Black "Gordon, Frederick"]
[Result "1/2-1/2"]
[WhiteElo "2335"]
[BlackElo "2362"]
[PlyCount "44"]
[EventDate "2024.04.22"]
[EventType "tourn"]
[EventRounds "9"]
[EventCountry "FRA"]
[EventCategory "5"]
[SourceTitle "CBM 220 Extra"]
[Source "ChessBase"]
[SourceDate "2024.07.31"]
[SourceVersion "1"]
[SourceVersionDate "2024.07.31"]
[SourceQuality "1"]

1. d4 d5 2. Nf3 Nf6 3. Bf4 c5 4. e3 Nc6 5. Nbd2 Qb6 6. dxc5 Qxb2 7. Rb1 Qc3 8. Bb5 g6 9. e4 dxe4 10. Be5 Qa5 11. 0-0 exf3 12. Qxf3 Qxb5 13. Bxf6 Qxb1 14. Rxb1 exf6 15. Qxf6 Rg8 16. Ne4 Be7 17. Nd6+ Bxd6 18. cxd6 Rb8 19. Re1+ Be6 20. Rxe6+ fxe6 21. Qxe6+ Kf8 22. Qf6+ Ke8 1/2-1/2

[Event "Lyon ECAM IM"]
[Site "Lyon"]
[Date "2024.04.25"]
[Round "6"]
[White "Dudognon, Thibault"]
[Black "Prie, Eric"]
[Result "1/2-1/2"]
[WhiteElo "2415"]
[BlackElo "2335"]
[PlyCount "39"]
[EventDate "2024.04.22"]
[EventType "tourn"]
[EventRounds "9"]
[EventCountry "FRA"]
[EventCategory "5"]
[SourceTitle "CBM 220 Extra"]
[Source "ChessBase"]
[SourceDate "2024.07.31"]
[SourceVersion "1"]
[SourceVersionDate "2024.07.31"]
[SourceQuality "1"]

1. e4 d5 2. exd5 Qxd5 3. h3 Nc6 4. Nf3 Bf5 5. Nc3 Qd6 6. Bc4 e6 7. d3 0-0-0 8. Be3 a6 9. Qe2 Nf6 10. Rd1 h6 11. a3 Be7 12. b4 Nd5 13. Ne4 Bxe4 14. dxe4 Nc3 15. Rxd6 Rxd6 16. Qd3 Rxd3 17. Bxd3 Rd8 18. 0-0 Bf6 19. Re1 Nb5 20. Bc1 1/2-1/2

[Event "Lyon ECAM IM"]
[Site "Lyon"]
[Date "2024.04.24"]
[Round "4"]
[White "Dgebuadze, Alexandre"]
[Black "Prie, Eric"]
[Result "1/2-1/2"]
[WhiteElo "2449"]
[BlackElo "2335"]
[PlyCount "41"]
[EventDate "2024.04.22"]
[EventType "tourn"]
[EventRounds "9"]
[EventCountry "FRA"]
[EventCategory "5"]
[SourceTitle "CBM 220 Extra"]
[Source "ChessBase"]
[SourceDate "2024.07.31"]
[SourceVersion "1"]
[SourceVersionDate "2024.07.31"]
[SourceQuality "1"]

1. e4 d5 2. exd5 Qxd5 3. Nc3 Qa5 4. d4 Nf6 5. Bc4 Bg4 6. f3 Bf5 7. Nge2 e6 8. Bd2 Qb6 9. a4 a5 10. g4 Bg6 11. h4 h6 12. Nf4 Nc6 13. Nxg6 fxg6 14. Nb5 e5 15. Qe2 0-0-0 16. 0-0-0 exd4 17. g5 Ne8 18. Qe6+ Kb8 19. Qxg6 Nd6 20. Nxd6 Bxd6 21. f4 1/2-1/2

[Event "Catalunya-chT Gp2 Final"]
[Site "Barcelona"]
[Date "2024.03.09"]
[Round "1.3"]
[White "Prie, Eric"]
[Black "Martinez Pla, Xavier"]
[Result "1/2-1/2"]
[WhiteElo "2334"]
[BlackElo "2264"]
[PlyCount "56"]
[EventDate "2024.03.09"]
[EventType "team-k.o."]
[EventRounds "4"]
[EventCountry "ESP"]
[SourceTitle "CBM 220 Extra"]
[Source "ChessBase"]
[SourceDate "2024.07.31"]
[SourceVersion "1"]
[SourceVersionDate "2024.07.31"]
[SourceQuality "1"]
[WhiteTeam "Olot"]
[BlackTeam "Vila Olimpica"]
[WhiteTeamCountry "ESP"]
[BlackTeamCountry "ESP"]

1. e4 c5 2. Nf3 e6 3. c3 Nf6 4. e5 Nd5 5. d4 cxd4 6. cxd4 d6 7. a3 Bd7 8. Bd3 Bc6 9. 0-0 Be7 10. Re1 Nd7 11. exd6 Bxd6 12. Nc3 Nxc3 13. bxc3 0-0 14. c4 Bxf3 15. Qxf3 Qh4 16. Qh3 Qxh3 17. gxh3 b6 18. Be3 e5 19. Be4 Rad8 20. Bg5 f6 21. Bd5+ Kh8 22. Be3 exd4 23. Bxd4 Be5 24. Bxe5 Nxe5 25. a4 Rc8 26. a5 Nxc4 27. Bxc4 Rxc4 28. Re7 bxa5 1/2-1/2

[Event "Catalunya-chT Gp1"]
[Site "Barcelona"]
[Date "2024.01.27"]
[Round "2.3"]
[White "Prie, Eric"]
[Black "Rahal, Michael"]
[Result "1/2-1/2"]
[WhiteElo "2346"]
[BlackElo "2312"]
[PlyCount "71"]
[EventDate "2024.01.20"]
[EventType "team-tourn"]
[EventRounds "7"]
[EventCountry "ESP"]
[SourceTitle "CBM 218 Extra"]
[Source "ChessBase"]
[SourceDate "2024.03.31"]
[SourceVersion "1"]
[SourceVersionDate "2024.03.31"]
[SourceQuality "1"]
[WhiteTeam "Olot"]
[BlackTeam "Ateneu Colon"]
[WhiteTeamCountry "ESP"]
[BlackTeamCountry "ESP"]

1. e4 e6 2. d4 d5 3. e5 c5 4. c3 Nc6 5. Nf3 Nge7 6. Na3 cxd4 7. cxd4 Nf5 8. Nc2 Qa5+ 9. Bd2 Qb6 10. Bc3 a5 11. a3 Be7 12. Bd3 0-0 13. 0-0 f6 14. Bxf5 exf5 15. Ne3 Be6 16. Qd3 g6 17. h3 Rad8 18. exf6 Bxf6 19. Rfe1 a4 20. Qd2 Rfe8 21. Nc2 Bf7 22. Nb4 Re4 23. Nxc6 Qxc6 24. Ne5 Bxe5 25. dxe5 d4 26. f3 Rxe1+ 27. Rxe1 Bb3 28. e6 Bxe6 29. Bxd4 Qd7 30. Qe3 Qxd4 31. Qxd4 Rxd4 32. Rxe6 b5 33. Rb6 Rd5 34. Kf1 f4 35. h4 Kf7 36. Ke2 1/2-1/2

[Event "Wch Seniors 50 30th"]
[Site "Assisi"]
[Date "2022.11.26"]
[Round "11"]
[White "Prie, Eric"]
[Black "Dishman, Stephen"]
[Result "1-0"]
[WhiteElo "2356"]
[BlackElo "2255"]
[PlyCount "75"]
[EventDate "2022.11.15"]
[EventType "swiss"]
[EventRounds "11"]
[EventCountry "ITA"]
[SourceTitle "CBM 211 Extra"]
[Source "ChessBase"]
[SourceDate "2023.01.31"]
[SourceVersion "1"]
[SourceVersionDate "2023.01.31"]
[SourceQuality "1"]

1. e4 c5 2. Nf3 g6 3. c3 d5 4. exd5 Qxd5 5. d4 Bg7 6. Na3 cxd4 7. Nb5 Na6 8. Be3 Nf6 9. Qxd4 b6 10. Bc4 Qxd4 11. Bxd4 Bb7 12. 0-0 0-0 13. Rfe1 e6 14. a4 Bd5 15. Bxf6 Bxf6 16. Bxd5 exd5 17. a5 Rfd8 18. h4 h5 19. g3 Kg7 20. Red1 Nc5 21. Nc7 Rac8 22. axb6 axb6 23. Nxd5 b5 24. Nxf6 Rxd1+ 25. Rxd1 Kxf6 26. Rd6+ Ke7 27. Rb6 Ra8 28. Rxb5 Ra1+ 29. Kg2 Nd3 30. Rb7+ Ke8 31. Ng5 f6 32. Ne4 f5 33. Nf6+ Kf8 34. Nd5 Rd1 35. Nf4 Ne5 36. Rb5 Ng4 37. Nxg6+ Kg7 38. Ne5 1-0

[Event "Catalunya-chT Gp1"]
[Site "Barcelona"]
[Date "2022.01.29"]
[Round "2.1"]
[White "Prie, Eric"]
[Black "Gines Esteo, Pedro Antonio"]
[Result "0-1"]
[WhiteElo "2415"]
[BlackElo "2419"]
[PlyCount "59"]
[EventDate "2022.01.22"]
[EventType "team-tourn"]
[EventRounds "9"]
[EventCountry "ESP"]
[SourceTitle "CBM 206 Extra"]
[Source "ChessBase"]
[SourceDate "2022.03.31"]
[SourceVersion "1"]
[SourceVersionDate "2022.03.31"]
[SourceQuality "1"]
[WhiteTeam "Gerunda"]
[BlackTeam "Barcelona Escacs CC"]
[WhiteTeamCountry "ESP"]
[BlackTeamCountry "ESP"]

1. d4 Nf6 2. Bf4 g6 3. Nc3 d5 4. e3 Bg7 5. h4 h5 6. Be2 0-0 7. Nf3 c5 8. 0-0 cxd4 9. exd4 Nc6 10. Ne5 Bf5 11. Re1 Nb4 12. Rc1 Rc8 13. a3 Nc6 14. Bf3 e6 15. Qd2 Ng4 16. Bxg4 hxg4 17. Ne2 Qxh4 18. Ng3 Bf6 19. c3 Nxe5 20. Bxe5 Kg7 21. Qf4 Bxe5 22. Qxe5+ Qf6 23. Re3 Rb8 24. Rce1 Qxe5 25. Rxe5 b5 26. R5e3 a5 27. Kf1 b4 28. axb4 axb4 29. Ra1 bxc3 30. bxc3 0-1

[Event "Catalunya-chT Gp1"]
[Site "Barcelona"]
[Date "2020.02.29"]
[Round "7.1"]
[White "Perez Mitjans, Orelvis"]
[Black "Prie, Eric"]
[Result "0-1"]
[WhiteElo "2421"]
[BlackElo "2428"]
[PlyCount "90"]
[EventDate "2020.01.18"]
[EventType "team-tourn"]
[EventRounds "7"]
[EventCountry "ESP"]
[SourceTitle "CBM 195 Extra"]
[Source "ChessBase"]
[SourceDate "2020.05.31"]
[SourceVersion "1"]
[SourceVersionDate "2020.05.31"]
[SourceQuality "1"]
[WhiteTeam "Badalona Cor de Marina"]
[BlackTeam "Gerunda"]
[WhiteTeamCountry "ESP"]
[BlackTeamCountry "ESP"]

1. e4 d5 2. exd5 Qxd5 3. Nc3 Qa5 4. d4 Nf6 5. Nf3 Bf5 6. Bd2 e6 7. h3 Nbd7 8. Nh4 Bg6 9. Nxg6 hxg6 10. Nb5 Qb6 11. a4 a6 12. a5 Qc6 13. Nc3 Ne4 14. Qf3 Nxd2 15. Qxc6 bxc6 16. Kxd2 Bb4 17. Be2 c5 18. Ra4 Rh4 19. g4 Nf6 20. Kc1 cxd4 21. Rxb4 dxc3 22. b3 Nd5 23. Re4 Kd7 24. f4 Rah8 25. Rd4 Rxh3 26. Rxh3 Rxh3 27. f5 c6 28. Bc4 c5 29. fxe6+ fxe6 30. Rd1 Rg3 31. Bd3 g5 32. Bxa6 Re3 33. Bc4 Kc6 34. Rg1 Re4 35. Kb1 Kd6 36. Rd1 Kc6 37. Rg1 Nb4 38. Bd3 Rf4 39. Bc4 Rf2 40. Re1 Rh2 41. Rd1 Rf2 42. Rg1 Rh2 43. Re1 Rxc2 44. Bxe6 Rb2+ 45. Kc1 Na2+ 0-1

[Event "Rochefort op-A 19th"]
[Site "Rochefort"]
[Date "2020.02.26"]
[Round "7"]
[White "Jeet, Jain"]
[Black "Prie, Eric"]
[Result "1-0"]
[WhiteElo "2223"]
[BlackElo "2423"]
[PlyCount "131"]
[EventDate "2020.02.22"]
[EventType "swiss"]
[EventRounds "9"]
[EventCountry "FRA"]
[SourceTitle "CBM 195 Extra"]
[Source "ChessBase"]
[SourceDate "2020.05.31"]
[SourceVersion "1"]
[SourceVersionDate "2020.05.31"]
[SourceQuality "1"]

1. e4 c5 2. Nf3 Nc6 3. Nc3 g6 4. d4 cxd4 5. Nxd4 Bg7 6. Nb3 Nf6 7. Be2 0-0 8. 0-0 a6 9. Bg5 b5 10. a3 h6 11. Bh4 d6 12. f4 Bb7 13. Kh1 Rc8 14. Bf3 Re8 15. Qd2 Nh7 16. Nd1 g5 17. fxg5 hxg5 18. Bxg5 Nxg5 19. Qxg5 e6 20. Qh5 Ne5 21. Ne3 Ng6 22. c3 Qh4 23. Qxh4 Nxh4 24. Rad1 Red8 25. Rd3 Nxf3 26. gxf3 Kf8 27. a4 bxa4 28. Na5 Ba8 29. Nac4 Rc6 30. Ra1 Ke7 31. Rxa4 Bh6 32. Rb4 Rh8 33. Nb6 Bg5 34. Nxa8 Rxa8 35. Rb7+ Kf6 36. Ng2 a5 37. f4 Bh6 38. Rxd6 Rxd6 39. e5+ Kg6 40. exd6 Rd8 41. d7 Kf6 42. Kg1 Ke7 43. Kf2 Kd6 44. Ra7 Kc6 45. Rxa5 Rxd7 46. Ke2 Rd8 47. Ra7 Rf8 48. b4 Kb6 49. Ra2 Kb5 50. Ra5+ Kc4 51. Rc5+ Kb3 52. b5 Bg7 53. c4 Bd4 54. Rc6 Kb4 55. Ne3 Bc5 56. Ng4 Rh8 57. b6 Rb8 58. Ne5 Bxb6 59. Nd7 Rh8 60. Nxb6 Rxh2+ 61. Kf3 Kc3 62. Rd6 Kb4 63. Nd7 Kxc4 64. Ne5+ Kc5 65. Nxf7 Rh3+ 66. Ke4 1-0

[Event "Rochefort op-A 19th"]
[Site "Rochefort"]
[Date "2020.02.22"]
[Round "9"]
[White "Dalaud, Dorian"]
[Black "Prie, Eric"]
[Result "1/2-1/2"]
[WhiteElo "2236"]
[BlackElo "2423"]
[PlyCount "20"]
[EventDate "2020.02.22"]
[EventType "swiss"]
[EventRounds "9"]
[EventCountry "FRA"]
[SourceTitle "CBM 195 Extra"]
[Source "ChessBase"]
[SourceDate "2020.05.31"]
[SourceVersion "1"]
[SourceVersionDate "2020.05.31"]
[SourceQuality "1"]

1. c4 c6 2. Nf3 d5 3. e3 Nf6 4. Nc3 Bg4 5. d4 e6 6. Bd3 Nbd7 7. 0-0 Be7 8. e4 dxe4 9. Nxe4 Nxe4 10. Bxe4 Nf6 1/2-1/2

[Event "Menton op 18th"]
[Site "Menton"]
[Date "2019.10.23"]
[Round "7"]
[White "Brunello, Sabino"]
[Black "Prie, Eric"]
[Result "1/2-1/2"]
[WhiteElo "2548"]
[BlackElo "2433"]
[PlyCount "23"]
[EventDate "2019.10.19"]
[EventType "swiss"]
[EventRounds "9"]
[EventCountry "FRA"]
[SourceTitle "EXT 2021"]
[Source "ChessBase"]
[SourceDate "2020.10.23"]
[SourceVersion "1"]
[SourceVersionDate "2020.10.23"]
[SourceQuality "1"]

1. d4 Nf6 2. c4 c5 3. d5 b5 4. cxb5 a6 5. bxa6 g6 6. Nc3 Bg7 7. e4 0-0 8. Nf3 Qa5 9. Bd2 Bxa6 10. Be2 d6 11. 0-0 Nbd7 12. Bxa6 1/2-1/2

[Event "Sables d'Olonne op 6th"]
[Site "Sables d'Olonne"]
[Date "2019.07.18"]
[Round "8"]
[White "Lucas, Arthur"]
[Black "Prie, Eric"]
[Result "1/2-1/2"]
[WhiteElo "2286"]
[BlackElo "2436"]
[PlyCount "40"]
[EventDate "2019.07.13"]
[EventType "swiss"]
[EventRounds "9"]
[EventCountry "FRA"]
[SourceTitle "EXT 2020"]
[Source "ChessBase"]
[SourceDate "2019.10.17"]
[SourceVersion "1"]
[SourceVersionDate "2019.10.17"]
[SourceQuality "1"]

1. e4 e5 2. Nf3 Nc6 3. d4 exd4 4. Bc4 Nf6 5. e5 d5 6. Bb5 Ne4 7. Nxd4 Bd7 8. Bxc6 bxc6 9. 0-0 Bc5 10. f3 Ng5 11. Be3 0-0 12. f4 Ne4 13. Nd2 Nxd2 14. Qxd2 Re8 15. Nb3 Bb6 16. Rae1 Bf5 17. Qc3 Qd7 18. Nc5 Bxc5 19. Bxc5 Re6 20. Rf3 Rg6 1/2-1/2